Регионална библиотека "Любен Каравелов" - Русе

Книжарницата на мистър Ливингстън (Запис номер 483976)

MARC детайли
000 -Лидер
Лидер 01094nam a2200265 a 4500
003 - Код на организацията, давaща контролен номер
Код на организацията, даваща контролен номер BLK
005 - Дата и час на последна редакция
Дата и час на последна редакция 20250514175257.0
008 - Елементи от данни с фиксирана дължина
Елементи с фиксирана дължина 181219b bu ||||| |||| 00| 0 bu d
020 ## - Международен стандартен номер на книга ISBN
ISBN 9789547714519
040 ## - Източник на каталожния запис
Код на библиотеката BLK
041 ## - Код за език
Език Български
Език за КДБФ Български
080 ## - УДК
УДК текст Испанска литература
УДК код 821.134.2
УДК – код + определител 821.134.2-31
УДК – определител -31
084 ## - Класификационен индекс по друга класификация
Авторски знак Гут - Г 94
100 ## - Редна дума - Автор
Автор Гутиерес, Моника
R(LIN) 484302
245 ## - Сведения за заглавието
Заглавие Книжарницата на мистър Ливингстън
Подзаглавни данни роман
Авторска отговорност Моника Гутиерес; прев. от исп. Веселка Ненкова
260 ## - Област на издателските данни
Място на издаване София
Име на издателя Кръгозор
Година на издаване 2021
Печатница Добрич : Фолиарт
300 ## - Физическа характеристика
Брой страници 208 с.
Размер 21 см
380 ## - Жанр
Жанр Худож. лит.
500 ## - Общи забележки
Обща забележка Ориг. загл. La libreria del senor Livingstone / Monika Gutierrez Artero
700 ## - Други автори (авторска отговорност)
9 (RLIN) 1070
Друг автор Ненкова, Веселка Ангелова
Авт. отговорност на др. автор прев. от исп.
852 ## - Местоположение
Сигнатура (форматна) Цб 322855
Отдел Хранилище
942 ## - АРТИКУЛИ
Скрит в OPAC Не
Вид на библиотечния документ Книги
Периодичен библиозапис Да
Koha issues (borrowed), all copies 4
944 ## - СЪЗДАВАНЕ И РЕДАКЦИЯ на ЗАПИСА
Създаване/Редакция Създаване
Дата на регистрацията/редакция 2024-06-03
Служител, извършил регистрацията/редакцията 30534
Номер на служител Радостина Карадакова
999 ## - СИСТЕМНИ КОНТРОЛНИ НОМЕРА
Koha biblionumber 483976
Koha biblioitemnumber 483976
Наличности
Код за отписване Код за изгубен артикул Източник на класификационната схема Код за повреда Коз за рестрикции Код за отдаване Артикулен № Име на библиотеката - собственик Име на библиотеката, в която се намира в момента Статус (Текущо местоположение) Дата на вписване в системата Местоположение - отдел Цена в лева Систематично азбучна сигнатура Баркод Цена в евро Служебен тип на артикула Инвентарен номер
  Не е изгубен Universal Decimal Classification Не е повреден без рестрикции заемане за дома 915278 Регионална библиотека "Любен Каравелов" Русе Регионална библиотека "Любен Каравелов" Русе Заемна - подръчен фонд 2022-12-05 Заемна - подръчен фонд 9.00 821-31/Г 94 М 120000878943 4.60 Книги  
  Не е изгубен Universal Decimal Classification Не е повреден без рестрикции заемане за дома 915279 Регионална библиотека "Любен Каравелов" Русе Регионална библиотека "Любен Каравелов" Русе Заемна - подръчен фонд 2022-12-05 Заемна - подръчен фонд 9.00 821-31/Г 94 М 120000878942 4.60 Книги  
  Не е изгубен Universal Decimal Classification Не е повреден само за читалня ползва се в читалня 943404 Регионална библиотека "Любен Каравелов" Русе Регионална библиотека "Любен Каравелов" Русе Хранилище 2024-06-05 Хранилище 18.00 Цб 322855 120000908514 9.20 Книги 120000908514
Vip Innovations Ltd, Rousse, Bulgaria 2025